Every Single Mr Beast Video 2020-2022(Main Channel) - Statistics

General Stats
  • This quiz has been taken 127 times
  • The average score is 5 of 70
Answer Stats
Answer % Correct
$456,000 Squid Game In Real Life!
64%
Anything You Can Fit In The Circle I'll Pay For
51%
Last To Leave Circle Wins $500,000
51%
I Spent 50 Hours Buried Alive
17%
$60,000 Extreme Hide And Seek - Challenge
15%
$70,000 Extreme Hide And Seek - Challenge
15%
Extreme $1,000,000 Hide And Seek
15%
I Survived 50 Hours In A Maximum Security Prison
15%
$1,000,000 Influencer Tournament!
14%
I Got Hunted By A Real Bounty Hunter
14%
I Got Hunted By The FBI
13%
Anything You Can Fit In The Triangle I'll Pay For
11%
World’s Most Dangerous Escape Room!
11%
Would You Swim With Sharks For $100,000?
11%
I Survived 24 Hours Straight In Ice
10%
I Bought A Private Island
9%
I Gave My Credit Card To Random People
9%
I Opened a Restaurant That Pays You To Eat At It
9%
I Uber'd People And Let Them Keep The Car
8%
Last To Take Hand Off Lamborghini, Keeps It
8%
Would You Sit In Snakes For $10,000?
8%
I Got Hunted By The Military
6%
I Spent 50 Hours In Solitary Confinement
6%
Press This Button To Win $100,00!
6%
Would YOU Quit School For $100,000?
6%
$10,000 Every Day You Survive Prison
5%
Extreme $500,000 Game Of Tag!
5%
I Bought The World's Largest Mystery Box! ($500,000)
5%
I Cleaned The World's Dirtiest Beach
5%
First To Rob Bank Wins $100,00
4%
Hit the Target, Win $300,000
4%
I Bought Everything In 5 Stores
4%
I Filled My Brother's House With Slime & Bought Him A New One
4%
I Put 1,000,000 Christmas Lights On A House (World Record)
4%
Last To Leave $800,000 Island Keeps It
4%
Offering People $100,00 To Quit Their Job
3%
Would You Rather Have A Giant Diamond or $100,000?
3%
I Adopted EVERY Dog In A Dog Shelter
2%
I Ate A $70,000 Golden Pizza
2%
If You Can Carry $1,000,000 You Can Keep It!
2%
I Ran A Marathon In The World's Largest Shoes
2%
I Spent 24 Hours In A Doomsday Bunker
2%
Surprising My Girlfriend With 100,000 Roses For Valentines Day
2%
$250,000 Influencer Rock, Paper, Scissors Tournament
1%
Extreme $100,000 Game of Tag!
1%
Get This Random Person 1,000,000 Subscribers
1%
Hi Me In 5 Years
1%
How I Gained 15,000,000 Subscribers In 1 Year
1%
I Ate $100,000 Golden Ice Cream
1%
I Ate The World's Largest Slice Of Pizza
1%
I Bought The World's Largest Firework ($600,000)
1%
I Broke Into A House
1%
I Built The World's Largest Lego Tower
1%
If You Click This Video I'll Give My Friend .001$
1%
I Gave $200,000 To People Who Lost Their Jobs (Corona Virus)
1%
I Gave My 40,000,000th Subscriber 40 Cars
1%
I Sold My House For $1
1%
I Spent $1,000,000 On Lottery Tickets and WON
1%
Lamborghini Race, Winner Keeps Lamborghini
1%
Videos I Could Not Upload...
1%
Why I Haven't Been Uploading
1%
Would You Rather Have $100,000 OR This Mystery Key?
1%
Youtube Rewind 2020, Thank God It's Over
1%
$300,000 Influencer Trivia Tournament!
0%
Giving $1,000,000 Of Food To People In Need
0%
If You Press This, I'll Pay...
0%
I Gave People $1,000,000 But ONLY 1 Minute To Spend It!
0%
I Went Back To Boy Scouts For A Day
0%
Steal This $100,000 Diamond, You Keep It
0%
Would YOU Rather Have A Lamborghini or This House?
0%
No matching quizzes found
Score Distribution
Percent of People with Each Score
Percentile by Number Answered
Your Score History
You have not taken this quiz